01421cam a2200349 a 450000100100000000500170001000800410002701500100006802000150007804000300009304100380012308200190016110000410018024000620022124501520028326000430043530000210047849000200049950400320051953400590055160000490061065000510065965100590071070000290076970000310079870000350082983000270086491000340089104900090092595201220093499900150105600000680620200929154010.0780306s1976 sp b 001 0bspa  aSp*** a8434407558 aDO-SdBNPbspacDLCdBNPHU17aspahfre2código de idioma Marc a922.246bB328p1 aBataillon, Marcel,d1895-197791891513aEl Padre las Casas y la defensa de los indios.lEspañol13aEl Padre las Casas y la defensa de los indios /cMarcel Bataillon, André Saint-Lu ; traducción castellana de Javier Alfaya y Bárbara McShane. aBarcelona, (España) :bAriel,c1976. a318 p. ;c18 cm.1 aAriel quincenal aBibliografía: p. 313-316. aTitulo original:tLas Casas et la defense des indiens.14aCASAS, BARTOLOMÉ DE LAS,d1474-1566918916 4aTrato a los indigenaszAmérica Latina918560 4aEspañaxColoniaszAméricaxAdministración9151961 aSaint-Lu, André9189171 aAlfaya, Javieretr.9189181 aMcShane, Bárbaraetr.918919 0aAriel quincenal.95048 aCatalogación por copia / LC aBNGR 001052708MOaGRbGRcCTd2009-09-02iLF1l0o922.246 B328pp6806-10r2020-06-25w2020-06-25y2ZPréstamo interno c6594d6594